|
|
|
|
| LEADER |
00000nam0a2200000 4500 |
| 001 |
274274 |
| 005 |
20231101234719.0 |
| 035 |
|
|
|a (RuTPU)RU\TPU\book\297484
|
| 090 |
|
|
|a 274274
|
| 100 |
|
|
|a 20141101d1984 m y0rusy50 ca
|
| 101 |
0 |
|
|a rus
|
| 102 |
|
|
|a RU
|
| 105 |
|
|
|a a j 001zy
|
| 200 |
1 |
|
|a Введение в инженерное исследование
|e учебное пособие для вузов
|f А. М. Холян, М. П. Рудницкий
|g Уральский политехнический институт им. С. М. Кирова
|
| 210 |
|
|
|a Свердловск
|c Изд-во УПИ
|d 1984
|
| 215 |
|
|
|a 96 с.
|c ил.
|
| 320 |
|
|
|a Библиогр.: с. 92
|
| 606 |
1 |
|
|a Техника
|x Научно-исследовательские работы
|2 stltpush
|3 (RuTPU)RU\TPU\subj\60023
|9 77513
|
| 610 |
1 |
|
|a инженерные исследования
|
| 610 |
1 |
|
|a инженерная деятельность
|
| 610 |
1 |
|
|a инженерный труд
|
| 610 |
1 |
|
|a инженеры
|
| 610 |
1 |
|
|a профессиональная подготовка
|
| 610 |
1 |
|
|a технический прогресс
|
| 610 |
1 |
|
|a научно-техническая информация
|
| 610 |
1 |
|
|a инженерный эксперимент
|
| 610 |
1 |
|
|a учебные пособия
|
| 675 |
|
|
|a 62.001.5(075.8)
|v 3
|
| 700 |
|
1 |
|a Холян
|b А. М.
|g Андроник Мушегович
|
| 701 |
|
1 |
|a Рудницкий
|b М. П.
|g Мстислав Петрович
|
| 712 |
0 |
2 |
|a Уральский политехнический институт им. С. М. Кирова
|c (Свердловск)
|c (1948-1992)
|2 stltpush
|3 (RuTPU)RU\TPU\col\1982
|9 23638
|
| 801 |
|
1 |
|a RU
|b 63413507
|c 20141101
|
| 801 |
|
2 |
|a RU
|b 63413507
|c 20170119
|g RCR
|
| 942 |
|
|
|c BK
|